古典音乐作曲家 - Statistics

General Stats
  • This quiz has been taken 26 times
  • The average score is 8 of 20
Answer Stats
代表作 作曲家 % Correct
《月光奏鸣曲》 路德维希·凡·贝多芬
91%
《魔笛》 沃尔夫冈·阿玛多伊斯·莫扎特
91%
《天鹅湖》 彼得·伊里奇·柴可夫斯基
77%
《勃兰登堡协奏曲》 约翰·塞巴斯蒂安·巴赫
77%
《黑键练习曲》 弗里德里克·肖邦
73%
《匈牙利狂想曲》 弗朗茨·李斯特
59%
《女武神的骑行》 理查德·瓦格纳
41%
《四季》 安东尼奥·维瓦尔第
36%
《春之祭》 伊戈尔·斯特拉文斯基
32%
《弥赛亚》 乔治·弗里德里希·亨德尔
27%
《芬兰颂》 让·西贝柳斯
27%
《蓝色狂想曲》 乔治·格什温
27%
《波莱罗》 莫里斯·拉威尔
23%
《行星组曲》 古斯塔夫·霍尔斯特
18%
《D大调卡农》 约翰·帕赫贝尔
18%
《野蜂飞舞》 尼古拉·里姆斯基-科萨科夫
18%
《弦乐柔板》 塞缪尔·巴伯
14%
《蝴蝶夫人》 贾科莫·普契尼
9%
《布兰诗歌》 卡尔·奥尔夫
5%
《为普通人而作的鼓号曲》 阿隆·科普兰
5%
No matching quizzes found
Score Distribution
Percent of People with Each Score
Percentile by Number Answered
Your Score History
You have not taken this quiz